| 000 | 00510nas a22002057a 4500 | ||
|---|---|---|---|
| 005 | 20200104041736.0 | ||
| 008 | 160116b1983 ck g||p|r||||o00| 0 spa d | ||
| 040 |
_aCO-BoIAVH _cCO-BoIAVH |
||
| 041 | _aspa | ||
| 044 | _ack | ||
| 110 | 1 |
_aColciencias _952015 |
|
| 245 | 1 | 0 | _aCiencia y Tecnología |
| 260 |
_aBogotá: _bColciencias, _c1983. |
||
| 300 | _bvolúmemes | ||
| 321 | _ag | ||
| 650 | 4 | _aCiencia y tecnica | |
| 650 | 6 | _aCiencia | |
| 650 | 6 | _aTecnología | |
| 942 |
_2z _cREVISTA |
||
| 999 |
_c18004 _d18004 |
||